You can crowdsource innovation : here's how Lumina does it.

The conventional model of innovation involves piloting a product, scaling it, and then mainstreaming it. However, the Lumina Foundation believes that this model won't work quite so well for education: Instead, rapidly prototyping and iterating different ideas is the likely the best way to creat...

Full description

Bibliographic Details
Format: Video
Language:English
Language Notes:In English.
Published: [Place of publication not identified] : Big Think, 2019.
Subjects:
Online Access:Connect to this streaming video (Alexander Street Press)

MARC

Tag First Indicator Second Indicator Subfields
LEADER 00000cgm a2200000Mi 4500
001 in00005580521
006 m o c
007 cr |n||||||||a
007 vz |za|z|
008 220822s2019 xx 004 e o vneng d
005 20241201232701.4
035 |a (OCoLC)on1347496331 
040 |a ALSTP  |b eng  |e rda  |c ALSTP  |d OCLCF  |d OCLCO  |d OCLCL 
035 |a (OCoLC)1347496331 
043 |a n-us--- 
049 |a TXAM 
245 0 0 |a You can crowdsource innovation :  |b here's how Lumina does it. 
264 1 |a [Place of publication not identified] :  |b Big Think,  |c 2019. 
300 |a 1 online resource (4 minutes) 
306 |a 000321 
336 |a two-dimensional moving image  |b tdi  |2 rdacontent 
337 |a computer  |b c  |2 rdamedia 
337 |a video  |b v  |2 rdamedia 
338 |a online resource  |b cr  |2 rdacarrier 
347 |a video file  |2 rdaft 
500 |a Title from resource description page (viewed September 16, 2022). 
520 |a The conventional model of innovation involves piloting a product, scaling it, and then mainstreaming it. However, the Lumina Foundation believes that this model won't work quite so well for education: Instead, rapidly prototyping and iterating different ideas is the likely the best way to create a more equitable education system for our rapidly changing society. That's why the Lumina Foundation is partnering with entrepreneurs with innovative ideas to improve our education system through Lumina Impact Ventures, and why Big Think is helping them find the best ideas about the future of learning and work. You can see the winners of the Lumina Prize here - congratulations to PeerForward and Greater Commons! 
546 |a In English. 
610 2 0 |a Lumina Foundation for Education. 
610 2 7 |a Lumina Foundation for Education  |2 fast 
650 0 |a Education, Higher  |z United States  |x Finance. 
650 0 |a Crowd funding. 
650 0 |a Entrepreneurship. 
650 6 |a Financement participatif. 
650 6 |a Entrepreneuriat. 
650 7 |a Crowd funding  |2 fast 
650 7 |a Education, Higher  |x Finance  |2 fast 
650 7 |a Entrepreneurship  |2 fast 
651 7 |a United States  |2 fast  |1 https://id.oclc.org/worldcat/entity/E39PBJtxgQXMWqmjMjjwXRHgrq 
655 7 |a Educational films  |2 fast 
655 7 |a Short films  |2 fast 
655 7 |a Educational films.  |2 lcgft 
655 7 |a Short films.  |2 lcgft 
655 7 |a Films éducatifs.  |2 rvmgf 
655 7 |a Courts métrages.  |2 rvmgf 
700 1 |a Garlow, Elizabeth,  |e on-screen presenter. 
710 2 |a Big Think,  |e publisher. 
856 4 0 |u http://proxy.library.tamu.edu/login?url=https://www.aspresolver.com/aspresolver.asp?MARC;5193968  |z Connect to this streaming video (Alexander Street Press)  |t 0 
955 |a Alexander Street Press subscription streaming video 
994 |a 92  |b TXA 
999 f f |s e70a97ac-0a2a-47d9-abf0-6a2300e43426  |i 8eeda065-e798-4349-8e8d-cd1786140fd4  |t 0 
952 f f |a Texas A&M University  |b College Station  |c Electronic Resources  |d Available Online  |t 0  |h Library of Congress classification 
998 f f |t 0  |l Available Online